00929nam a22001577a 4500003000500000005001700005082001600022100001200038245011400050260003300164300001300197505049600210650001500706651001200721700003800733NUST20260120143003.0 a621.382,IBR aIbrahim aDevelopment of AD-HOC voice network for rapid deployment /cIbrahim, Sumair, Adeel, Bilal and Zahir (BETE-51) aRawalpindibMCS (NUST)c2018 av, 70p.; aIntroduction (Page-3), Overall Description (Page-8), External Interface Requirements (Page-14), System Features (Page-15), Other Nonfunctional Requirements (Page-26), Layout (Page-28), Use Case Descriptions (Page-31), Cals's Description (Page-34), User Interface (Page-40), Detailed Description of Components (Page-49), Design, Decisions, Reuse and Relationship to other Products (Page-59), Project test and Evaluation (Page-60), assumptions and Dependencies (Page-68), References (Page-69). aUG Project aBETE-51 aSupervised by Dr. Hasnat Khurshid